| 000 | 00983nam a22002897a 4500 | ||
|---|---|---|---|
| 001 | 9094 | ||
| 003 | FISKH | ||
| 005 | 20251119143200.0 | ||
| 008 | 251119b cb ||||| |||| 00| 0 eng d | ||
| 020 | _a9781590697368 | ||
| 040 |
_aFISKH _beng _cFISKH _dFISKH |
||
| 082 | _a535.6 | ||
| 100 | _aGalvin , Luara Gates | ||
| 245 |
_aPooh and friends : _bColors and shapes / _cWritten by Laura Gates Galvin |
||
| 250 | _aFirst Edition 2008 | ||
| 260 |
_aNorwalk : _bDisney Enterprises , Inc. , _c2008 . |
||
| 300 |
_a23 unnumbered pages : _bcolor illustrations ; _c16 X 20 cm . |
||
| 490 | _aDisnep Winnie the Pooh | ||
| 505 | _aC | ||
| 520 | _aChildren can explore the world of colors and shapes with Winnie the Pooh, Piglet and all their friends from the Hundred-Acre Wood. | ||
| 521 | 8 |
_a90
_bLexile estimate |
|
| 521 | 8 |
_aC
_bRaz-Plus |
|
| 700 |
_aOdierno, Lisa _eEditor |
||
| 700 |
_aShriver, Chelsea _eEditor |
||
| 942 |
_2ddc _cBK _n0 |
||
| 999 |
_c9094 _d9094 |
||